Státní svátky České republiky - Statistics

General Stats
  • This quiz has been taken 43 times
  • The average score is 5 of 7
Answer Stats
Question Answer % Correct
Den vítězství 8. května
96%
Den boje za svobodu a demokracii a Mezinárodní den studentstva 17. listopadu
80%
Den upálení mistra Jana Husa 6. července
80%
Den slovanských věrozvěstů Cyrila a Metoděje 5. července
76%
Den obnovy samostatného českého státu 1. ledna
64%
Den české státnosti 28. září
56%
Den vzniku samostatného československého státu 28. října
52%
No matching quizzes found
Score Distribution
Percent of People with Each Score
Percentile by Number Answered
Your Score History
You have not taken this quiz